00708nam a2200193 a 450000100100000000500170001000800410002704000250006808200170009310000300011024501100014026000460025030000260029649000220032250000730034465100470041770000280046483000220049200000705820200929154045.0090904s1994 dr a 000 0 spa d aDO-SdBNPbspacBNPHU a001.4bP644t1 aPimentel, Rubén Darío10aTesis :bguía para su elaboración y redacción /cRubén Darío Pimentel ; prólogo Hugo Mendoza. aSanto Domingo :bCentro Editorial,c1994. a212 p.ail. ;c22 cm.1 aAMD Centenariav1 aIncluye referencias bibliográficas y notas al pie de las páginas 4aTesis Y Disertaciones AcademicasxManuales1 aMendoza, Hugo,epról. 0aAMD Centenarian1